00401nam a2200097Ia 4500001000400000008004100004082002500045100006500070245014100135260002700276799241024s9999 xx 000 0 und d aRD/374/R426o/4v/2008 aRepública Dominicana.Secretaría de Estado de Educación 0aOrientaciones Metodológicas para Facilitar el Aprendizaje de la Lectoescritura y el Cálculo Básico de Personas Jóvenes y Adultas bEd. Alfa & Omegac2008